000 00535nmm a2200169Ia 4500
008 251105s9999||||xx |||||||||||||||||und||
020 _a9788497420921
041 _aspa
100 _aLapierre, Jean-William
245 0 _a¿Qué es ser ciudadano? :
_b Nuevas formas de participación política
264 _a[Madrid, España] :
_bBiblioteca Nueva,
_c2003
300 _a324 páginas
490 _aEnsayo Pensamiento
650 _aPolitical Science (General)
856 _uhttps://public.digitaliapublishing.com/a/4934
942 _cCF
999 _c90226
_d90226